[Event "Hoogeveen Open 2016"]
[Site "Hoogeveen"]
[Date "2016.10.18"]
[Round "4.7"]
[White "Debashis, Das"]
[Black "Colijn, Stefan"]
[Result "1/2-1/2"]
[BlackElo "2293"]
[WhiteElo "2478"]
[LiveChessVersion "1.4.8"]

1. d4 {[%clk 1:30:35]} Nf6 {[%clk 1:30:46]} 2. c4 {[%clk 1:30:58]} c5
{[%clk 1:31:09]} 3. d5 {[%clk 1:31:23]} e6 {[%clk 1:31:35]} 4. Nc3
{[%clk 1:31:48]} exd5 {[%clk 1:31:57]} 5. cxd5 {[%clk 1:32:12]} d6
{[%clk 1:32:23]} 6. Nf3 {[%clk 1:32:38]} g6 {[%clk 1:32:48]} 7. Nd2
{[%clk 1:33:05]} Bg7 {[%clk 1:33:13]} 8. e4 {[%clk 1:33:31]} O-O {[%clk 1:33:37]}
9. Be2 {[%clk 1:33:58]} Re8 {[%clk 1:33:50]} 10. O-O {[%clk 1:34:22]} Na6
{[%clk 1:34:07]} 11. Kh1 {[%clk 1:34:46]} Nc7 {[%clk 1:34:18]} 12. f3
{[%clk 1:30:22]} a6 {[%clk 1:33:59]} 13. a4 {[%clk 1:30:35]} Rb8 {[%clk 1:34:12]}
14. a5 {[%clk 1:30:58]} Bd7 {[%clk 1:34:38]} 15. Nc4 {[%clk 1:31:21]} Bb5
{[%clk 1:35:03]} 16. Bg5 {[%clk 1:31:46]} Bxc4 {[%clk 1:34:28]} 17. Bxc4
{[%clk 1:32:08]} b5 {[%clk 1:34:54]} 18. axb6 {[%clk 1:32:31]} Rxb6
{[%clk 1:35:19]} 19. Qc2 {[%clk 1:04:18]} Qb8 {[%clk 1:19:28]} 20. Na4
{[%clk 1:00:53]} Rb7 {[%clk 1:16:40]} 21. Bf4 {[%clk 0:58:32]} Qd8
{[%clk 1:13:34]} 22. Rae1 {[%clk 0:53:43]} Nh5 {[%clk 1:10:39]} 23. Be3
{[%clk 0:53:36]} Qh4 {[%clk 0:42:48]} 24. Bf2 {[%clk 0:48:46]} Qf6
{[%clk 0:41:02]} 25. b3 {[%clk 0:42:40]} Nb5 {[%clk 0:39:20]} 26. Qd1
{[%clk 0:38:52]} g5 {[%clk 0:26:17]} 27. g3 {[%clk 0:32:40]} Qh6 {[%clk 0:25:37]}
28. Kg2 {[%clk 0:29:12]} Rbe7 {[%clk 0:25:25]} 29. Qd3 {[%clk 0:24:11]} Qg6
{[%clk 0:20:33]} 30. h3 {[%clk 0:16:58]} Rb8 {[%clk 0:16:25]} 31. Rh1
{[%clk 0:09:26]} Be5 {[%clk 0:14:40]} 32. Rhf1 {[%clk 0:03:58]} Kh8
{[%clk 0:13:26]} 33. Rg1 {[%clk 0:02:28]} Nd4 {[%clk 0:11:11]} 34. Nc3
{[%clk 0:01:38]} Rg8 {[%clk 0:10:14]} 35. Ne2 {[%clk 0:01:16]} Nxe2
{[%clk 0:10:01]} 36. Qxe2 {[%clk 0:01:37]} a5 {[%clk 0:07:58]} 37. Qd3
{[%clk 0:01:27]} f6 {[%clk 0:06:31]} 38. Kh2 {[%clk 0:01:00]} Qh6
{[%clk 0:05:58]} 39. Kg2 {[%clk 0:00:52]} Reg7 {[%clk 0:03:56]} 40. Qd2
{[%clk 0:00:37]} Ra7 {[%clk 0:00:36]} 41. Qc2 {[%clk 0:25:37]} Rb8
{[%clk 0:25:19]} 42. Rb1 {[%clk 0:24:15]} Rb4 {[%clk 0:21:48]} 1/2-1/2

[Event "Hoogeveen Open 2016"]
[Site "Hoogeveen"]
[Date "2016.10.18"]
[Round "4.8"]
[White "Ten Hertog, Hugo"]
[Black "Van Osch, Mees"]
[Result "0-1"]
[BlackElo "2288"]
[WhiteElo "2468"]
[LiveChessVersion "1.4.8"]

1. g3 {[%clk 1:30:57]} Nf6 {[%clk 1:30:56]} 2. Bg2 {[%clk 1:31:22]} d5
{[%clk 1:31:23]} 3. d3 {[%clk 1:31:47]} c5 {[%clk 1:31:47]} 4. Nf3
{[%clk 1:29:46]} Nc6 {[%clk 1:32:10]} 5. O-O {[%clk 1:30:11]} e5 {[%clk 1:32:31]}
6. Nbd2 {[%clk 1:17:20]} Be7 {[%clk 1:31:57]} 7. e4 {[%clk 1:17:45]} O-O
{[%clk 1:32:23]} 8. Re1 {[%clk 1:16:55]} d4 {[%clk 1:32:49]} 9. Nh4
{[%clk 1:11:40]} Bg4 {[%clk 1:25:18]} 10. Ndf3 {[%clk 0:57:42]} Qd7
{[%clk 1:23:04]} 11. Qe2 {[%clk 0:56:27]} Ne8 {[%clk 1:11:54]} 12. Nf5
{[%clk 0:44:46]} f6 {[%clk 1:09:23]} 13. c4 {[%clk 0:31:04]} Nd6 {[%clk 0:57:17]}
14. h3 {[%clk 0:20:46]} Bh5 {[%clk 0:42:56]} 15. Nxe5 {[%clk 0:13:05]} Nxe5
{[%clk 0:41:02]} 16. Qxh5 {[%clk 0:13:25]} Nxd3 {[%clk 0:41:01]} 17. Rd1
{[%clk 0:09:47]} Ne5 {[%clk 0:32:46]} 18. b3 {[%clk 0:08:06]} Kh8
{[%clk 0:29:04]} 19. Nxd6 {[%clk 0:04:47]} Bxd6 {[%clk 0:28:54]} 20. f4
{[%clk 0:04:59]} Qf7 {[%clk 0:24:49]} 21. Qe2 {[%clk 0:03:30]} Nc6
{[%clk 0:25:14]} 22. Bd2 {[%clk 0:03:51]} Rad8 {[%clk 0:24:33]} 23. Rf1
{[%clk 0:03:17]} Qg6 {[%clk 0:23:48]} 24. Kh2 {[%clk 0:03:06]} Bc7
{[%clk 0:24:17]} 25. Qd3 {[%clk 0:02:30]} Ba5 {[%clk 0:23:28]} 26. Bxa5
{[%clk 0:01:11]} Nxa5 {[%clk 0:23:42]} 27. Rae1 {[%clk 0:00:47]} Nc6
{[%clk 0:18:32]} 28. a3 {[%clk 0:00:42]} Rfe8 {[%clk 0:18:55]} 29. h4
{[%clk 0:01:01]} Qh5 {[%clk 0:14:29]} 30. Bf3 {[%clk 0:01:18]} Qh6
{[%clk 0:14:46]} 31. Kg2 {[%clk 0:01:17]} g6 {[%clk 0:12:04]} 32. Rh1
{[%clk 0:00:48]} Qg7 {[%clk 0:12:30]} 33. Bg4 {[%clk 0:00:51]} Re7
{[%clk 0:12:10]} 34. Kf2 {[%clk 0:00:40]} Rf8 {[%clk 0:12:11]} 35. h5
{[%clk 0:00:44]} g5 {[%clk 0:12:23]} 36. h6 {[%clk 0:01:09]} Qf7 {[%clk 0:11:35]}
37. b4 {[%clk 0:00:45]} b6 {[%clk 0:10:32]} 38. Kg2 {[%clk 0:00:32]} gxf4
{[%clk 0:10:19]} 39. gxf4 {[%clk 0:00:58]} Rg8 {[%clk 0:10:43]} 40. Kf3
{[%clk 0:00:50]} cxb4 {[%clk 0:05:05]} 41. axb4 {[%clk 0:17:19]} Nxb4
{[%clk 0:31:14]} 42. Qxd4 {[%clk 0:16:36]} Nc2 {[%clk 0:26:22]} 43. Qd5
{[%clk 0:12:45]} Nxe1+ {[%clk 0:25:52]} 44. Rxe1 {[%clk 0:13:11]} Qg6
{[%clk 0:25:59]} 45. Qh5 {[%clk 0:10:06]} Rc7 {[%clk 0:22:05]} 46. f5
{[%clk 0:08:11]} Qxh5 {[%clk 0:20:13]} 47. Bxh5 {[%clk 0:08:38]} Rxc4
{[%clk 0:20:36]} 48. Bf7 {[%clk 0:06:20]} Rc3+ {[%clk 0:20:45]} 49. Kf4
{[%clk 0:06:25]} Rf8 {[%clk 0:17:16]} 50. Rd1 {[%clk 0:06:48]} Rh3
{[%clk 0:16:45]} 51. e5 {[%clk 0:06:20]} fxe5+ {[%clk 0:10:35]} 52. Kg5
{[%clk 0:06:12]} e4 {[%clk 0:11:03]} 53. Kf6 {[%clk 0:05:18]} Rxh6+
{[%clk 0:11:06]} 54. Ke7 {[%clk 0:05:45]} Rb8 {[%clk 0:08:50]} 55. f6
{[%clk 0:05:10]} e3 {[%clk 0:07:15]} 56. Bd5 {[%clk 0:00:36]} e2 {[%clk 0:04:34]}
57. Re1 {[%clk 0:00:51]} Rh5 {[%clk 0:03:33]} 58. Be6 {[%clk 0:01:09]} Rh2
{[%clk 0:01:55]} 59. f7 {[%clk 0:00:48]} Rf2 {[%clk 0:02:07]} 60. Rg1
{[%clk 0:00:37]} h5 {[%clk 0:01:01]} 61. Bd5 {[%clk 0:00:57]} h4 {[%clk 0:00:35]}
62. Rg8+ {[%clk 0:00:35]} Kh7 {[%clk 0:01:04]} 63. Be4+ {[%clk 0:00:44]} Kh6
{[%clk 0:01:32]} 64. Rg6+ {[%clk 0:00:31]} Kh5 {[%clk 0:01:51]} 65. Re6
{[%clk 0:00:31]} h3 {[%clk 0:01:20]} 0-1

[Event "Hoogeveen Open 2016"]
[Site "Hoogeveen"]
[Date "2016.10.18"]
[Round "4.9"]
[White "Buckels, Valentin"]
[Black "Romanishin, Oleg M"]
[Result "1/2-1/2"]
[BlackElo "2456"]
[WhiteElo "2273"]
[LiveChessVersion "1.4.8"]

1. Nf3 {[%clk 1:29:51]} Nf6 {[%clk 1:30:48]} 2. c4 {[%clk 1:29:49]} e6
{[%clk 1:27:06]} 3. Nc3 {[%clk 1:29:45]} Bb4 {[%clk 1:27:29]} 4. Qc2
{[%clk 1:29:59]} c5 {[%clk 1:27:53]} 5. a3 {[%clk 1:30:04]} Ba5 {[%clk 1:28:18]}
6. g3 {[%clk 1:30:22]} Nc6 {[%clk 1:25:41]} 7. Bg2 {[%clk 1:30:06]} O-O
{[%clk 1:24:43]} 8. O-O {[%clk 1:29:58]} d6 {[%clk 1:23:07]} 9. d3
{[%clk 1:30:01]} e5 {[%clk 1:00:26]} 10. Rb1 {[%clk 1:23:09]} h6 {[%clk 0:51:11]}
11. Na2 {[%clk 1:23:02]} Bc7 {[%clk 0:26:28]} 12. b4 {[%clk 1:19:54]} Rb8
{[%clk 0:21:01]} 13. Nc3 {[%clk 1:09:51]} Nd4 {[%clk 0:21:00]} 14. Nxd4
{[%clk 1:02:50]} cxd4 {[%clk 0:19:08]} 15. Nb5 {[%clk 1:00:20]} a6
{[%clk 0:19:33]} 16. Nxc7 {[%clk 1:00:43]} Qxc7 {[%clk 0:20:01]} 17. e3
{[%clk 1:00:21]} dxe3 {[%clk 0:20:05]} 18. fxe3 {[%clk 0:58:33]} b5
{[%clk 0:18:06]} 19. e4 {[%clk 0:52:38]} bxc4 {[%clk 0:14:47]} 20. dxc4
{[%clk 0:49:44]} Qe7 {[%clk 0:09:51]} 21. Bd2 {[%clk 0:39:05]} Be6
{[%clk 0:09:40]} 22. Qd3 {[%clk 0:37:47]} Rfc8 {[%clk 0:09:54]} 23. Rbc1
{[%clk 0:37:08]} Rc7 {[%clk 0:05:52]} 24. Rc2 {[%clk 0:29:02]} Rbc8
{[%clk 0:06:16]} 25. Rfc1 {[%clk 0:29:27]} Rc6 {[%clk 0:04:39]} 26. h3
{[%clk 0:22:08]} Qc7 {[%clk 0:04:30]} 27. Bf1 {[%clk 0:18:25]} Qb7
{[%clk 0:04:40]} 28. Be3 {[%clk 0:17:03]} R6c7 {[%clk 0:03:25]} 29. Bg2
{[%clk 0:15:43]} Rc6 {[%clk 0:03:37]} 30. Kh2 {[%clk 0:14:35]} Nd7
{[%clk 0:03:09]} 31. Bf1 {[%clk 0:09:06]} Nf6 {[%clk 0:03:15]} 32. Bg2
{[%clk 0:06:53]} Nd7 {[%clk 0:03:35]} 33. Bf1 {[%clk 0:06:56]} Nf6
{[%clk 0:03:52]} 34. Bg2 1/2-1/2

[Event "Hoogeveen Open 2016"]
[Site "Hoogeveen"]
[Date "2016.10.18"]
[Round "4.10"]
[White "Grant, Jonathan I M"]
[Black "Sundararajan, Kidambi"]
[Result "1/2-1/2"]
[BlackElo "2429"]
[WhiteElo "2223"]
[LiveChessVersion "1.4.8"]

1. c4 {[%clk 1:30:58]} Nf6 {[%clk 1:30:36]} 2. Nc3 {[%clk 1:30:19]} e5
{[%clk 1:30:46]} 3. Nf3 {[%clk 1:28:50]} d6 {[%clk 1:29:42]} 4. g3
{[%clk 1:28:19]} g6 {[%clk 1:29:51]} 5. Bg2 {[%clk 1:27:35]} Bg7 {[%clk 1:30:12]}
6. O-O {[%clk 1:27:19]} O-O {[%clk 1:30:30]} 7. d4 {[%clk 1:27:35]} Nbd7
{[%clk 1:30:38]} 8. h3 {[%clk 1:26:55]} Re8 {[%clk 1:29:25]} 9. e4
{[%clk 1:26:58]} c6 {[%clk 1:28:18]} 10. d5 {[%clk 1:25:15]} Nc5 {[%clk 1:26:57]}
11. Ne1 {[%clk 1:20:07]} cxd5 {[%clk 1:25:01]} 12. cxd5 {[%clk 1:18:35]} a5
{[%clk 1:24:28]} 13. Nd3 {[%clk 1:14:02]} b6 {[%clk 1:21:02]} 14. Be3
{[%clk 0:50:01]} Ba6 {[%clk 1:18:02]} 15. Bxc5 {[%clk 0:48:56]} bxc5
{[%clk 1:17:19]} 16. b3 {[%clk 0:48:28]} c4 {[%clk 1:09:17]} 17. bxc4
{[%clk 0:47:38]} Bxc4 {[%clk 1:09:29]} 18. Re1 {[%clk 0:43:42]} Qb6
{[%clk 1:00:09]} 19. Na4 {[%clk 0:38:35]} Qa7 {[%clk 0:51:20]} 20. Ndb2
{[%clk 0:32:56]} Bb5 {[%clk 0:46:30]} 21. Rc1 {[%clk 0:25:52]} Nh5
{[%clk 0:42:02]} 22. Rc3 {[%clk 0:22:46]} Rac8 {[%clk 0:35:15]} 23. Bf1
{[%clk 0:20:52]} Bxa4 {[%clk 0:28:01]} 24. Nxa4 {[%clk 0:14:38]} Rxc3
{[%clk 0:27:53]} 25. Nxc3 {[%clk 0:15:00]} Nxg3 {[%clk 0:19:18]} 26. Nb5
{[%clk 0:14:51]} Qc5 {[%clk 0:17:29]} 27. Nxd6 {[%clk 0:15:04]} Qxd6
{[%clk 0:15:05]} 28. fxg3 {[%clk 0:15:17]} Rc8 {[%clk 0:14:35]} 29. Qd2
{[%clk 0:07:54]} a4 {[%clk 0:11:20]} 30. Rc1 {[%clk 0:06:39]} Rxc1
{[%clk 0:11:38]} 31. Qxc1 {[%clk 0:07:08]} Bf8 {[%clk 0:11:41]} 32. Qc4
{[%clk 0:03:49]} Qa3 {[%clk 0:09:42]} 33. Kg2 {[%clk 0:03:35]} Bc5
{[%clk 0:08:33]} 34. Qe2 {[%clk 0:02:50]} Qc3 {[%clk 0:07:15]} 35. Qd3
{[%clk 0:02:40]} Qb2+ {[%clk 0:07:13]} 36. Qe2 {[%clk 0:01:32]} Qd4
{[%clk 0:07:32]} 37. h4 {[%clk 0:01:21]} f5 {[%clk 0:05:50]} 38. Kh3
{[%clk 0:01:18]} fxe4 {[%clk 0:04:39]} 39. Qc4 {[%clk 0:01:30]} Kg7
{[%clk 0:03:57]} 40. Be2 {[%clk 0:01:08]} h5 {[%clk 0:03:07]} 41. Bf1
{[%clk 0:25:54]} a3 {[%clk 0:20:43]} 42. Qxd4 {[%clk 0:18:00]} exd4
{[%clk 0:20:45]} 43. Bg2 {[%clk 0:18:20]} e3 {[%clk 0:13:16]} 44. Bf1
{[%clk 0:18:47]} Kf6 {[%clk 0:12:11]} 45. Kg2 {[%clk 0:15:35]} g5
{[%clk 0:10:26]} 46. hxg5+ {[%clk 0:13:44]} Kxg5 {[%clk 0:10:51]} 47. Kf3
{[%clk 0:12:22]} Kf5 {[%clk 0:11:03]} 48. Bb5 {[%clk 0:06:46]} Ke5
{[%clk 0:10:17]} 49. Ke2 {[%clk 0:06:59]} Ke4 {[%clk 0:09:11]} 50. Bd3+
{[%clk 0:01:17]} Kxd5 {[%clk 0:09:35]} 51. Bb5 {[%clk 0:01:15]} Ke4
{[%clk 0:05:51]} 52. Bd3+ {[%clk 0:01:26]} Kd5 {[%clk 0:05:30]} 53. Bb5
{[%clk 0:01:52]} Bd6 {[%clk 0:04:42]} 54. Be8 {[%clk 0:02:16]} Kc4
{[%clk 0:04:49]} 55. Bxh5 {[%clk 0:01:33]} d3+ {[%clk 0:04:05]} 56. Kxe3
{[%clk 0:02:02]} Kc3 {[%clk 0:04:24]} 57. Bg6 {[%clk 0:01:49]} Bc5+
{[%clk 0:03:26]} 58. Kf3 {[%clk 0:02:17]} Be7 {[%clk 0:03:23]} 59. g4
{[%clk 0:02:27]} Bg5 {[%clk 0:03:21]} 60. Bf5 {[%clk 0:02:37]} Kc2
{[%clk 0:02:15]} 61. Bg6 {[%clk 0:02:53]} Kc3 {[%clk 0:02:26]} 62. Bf5
{[%clk 0:03:18]} d2 {[%clk 0:02:33]} 63. Ke2 {[%clk 0:03:42]} Kb2
{[%clk 0:02:56]} 64. Be6 {[%clk 0:03:43]} Kc1 {[%clk 0:03:13]} 65. Bb3
{[%clk 0:04:09]} Bh6 {[%clk 0:02:56]} 66. Bd1 {[%clk 0:03:52]} Kb2 1/2-1/2

[Event "Hoogeveen Open 2016"]
[Site "Hoogeveen"]
[Date "2016.10.18"]
[Round "4.11"]
[White "Karavade, Eesha"]
[Black "Strating, Sybolt"]
[Result "1-0"]
[BlackElo "2276"]
[WhiteElo "2421"]
[LiveChessVersion "1.4.8"]

1. Nf3 {[%clk 1:30:44]} d5 {[%clk 1:30:50]} 2. c4 {[%clk 1:30:37]} c6
{[%clk 1:31:07]} 3. e3 {[%clk 1:30:02]} Nf6 {[%clk 1:31:16]} 4. Nc3
{[%clk 1:29:53]} a6 {[%clk 1:31:13]} 5. Qc2 {[%clk 1:30:00]} g6 {[%clk 1:27:09]}
6. d4 {[%clk 1:24:29]} Bg7 {[%clk 1:25:07]} 7. Bd3 {[%clk 1:19:51]} O-O
{[%clk 1:21:39]} 8. O-O {[%clk 1:19:15]} Nbd7 {[%clk 1:18:47]} 9. b3
{[%clk 1:14:37]} dxc4 {[%clk 1:12:22]} 10. Bxc4 {[%clk 1:02:28]} c5
{[%clk 1:08:32]} 11. dxc5 {[%clk 0:55:10]} Nxc5 {[%clk 1:06:29]} 12. Rd1
{[%clk 0:55:33]} Qe8 {[%clk 0:47:54]} 13. Ba3 {[%clk 0:45:13]} Bf5
{[%clk 0:45:18]} 14. Qe2 {[%clk 0:45:41]} Rc8 {[%clk 0:44:39]} 15. Rac1
{[%clk 0:33:13]} b5 {[%clk 0:40:10]} 16. Nxb5 {[%clk 0:19:39]} axb5
{[%clk 0:39:13]} 17. Bxb5 {[%clk 0:20:07]} Bd7 {[%clk 0:20:27]} 18. Bxd7
{[%clk 0:19:56]} Ncxd7 {[%clk 0:16:07]} 19. Rxc8 {[%clk 0:19:29]} Qxc8
{[%clk 0:16:35]} 20. Bxe7 {[%clk 0:19:57]} Re8 {[%clk 0:16:55]} 21. Bb4
{[%clk 0:20:07]} Qb7 {[%clk 0:16:09]} 22. Bc3 {[%clk 0:19:06]} Rc8
{[%clk 0:15:39]} 23. Bd4 {[%clk 0:17:48]} Ne4 {[%clk 0:14:28]} 24. Bxg7
{[%clk 0:16:20]} Kxg7 {[%clk 0:14:53]} 25. Qb2+ {[%clk 0:14:39]} Ndf6
{[%clk 0:13:51]} 26. Nd4 {[%clk 0:14:58]} Nc3 {[%clk 0:10:16]} 27. Ra1
{[%clk 0:14:52]} Nb5 {[%clk 0:09:55]} 28. Nf3 {[%clk 0:12:49]} Qe4
{[%clk 0:05:46]} 29. a4 {[%clk 0:09:45]} Nd6 {[%clk 0:03:41]} 30. Qd4
{[%clk 0:06:17]} Qc6 {[%clk 0:01:49]} 31. h3 {[%clk 0:05:49]} Nf5
{[%clk 0:01:37]} 32. Qb2 {[%clk 0:05:03]} Kg8 {[%clk 0:01:40]} 33. b4
{[%clk 0:04:59]} Ne4 {[%clk 0:01:18]} 34. b5 {[%clk 0:05:10]} Qc5
{[%clk 0:00:46]} 35. Nd4 {[%clk 0:03:53]} Nc3 {[%clk 0:00:34]} 36. Nxf5
{[%clk 0:03:49]} Qxf5 {[%clk 0:01:03]} 37. b6 {[%clk 0:03:26]} Qa5
{[%clk 0:00:53]} 38. b7 {[%clk 0:03:18]} Rb8 {[%clk 0:01:22]} 39. Rc1
{[%clk 0:03:37]} Rxb7 {[%clk 0:01:42]} 40. Qxc3 {[%clk 0:03:51]} Qxc3
{[%clk 0:00:45]} 41. Rxc3 {[%clk 0:04:19]} Rb1+ {[%clk 0:01:05]} 42. Kh2
{[%clk 0:04:47]} Ra1 {[%clk 0:01:31]} 43. Rc8+ {[%clk 0:04:03]} Kg7
{[%clk 0:01:55]} 44. Ra8 {[%clk 0:04:29]} Ra2 {[%clk 0:29:59]} 45. Kg3
{[%clk 0:33:36]} h5 {[%clk 0:30:10]} 46. h4 {[%clk 0:33:42]} Ra3 {[%clk 0:29:30]}
47. Ra6 {[%clk 0:33:45]} Kg8 {[%clk 0:29:13]} 48. Kf3 {[%clk 0:33:54]} Kg7
{[%clk 0:28:17]} 49. g3 {[%clk 0:34:12]} Rb3 {[%clk 0:24:34]} 50. a5
{[%clk 0:31:38]} Ra3 {[%clk 0:24:41]} 51. Ke4 {[%clk 0:31:42]} Ra4+
{[%clk 0:24:26]} 52. Kf3 {[%clk 0:29:29]} Ra3 {[%clk 0:24:42]} 53. Kf4
{[%clk 0:29:54]} Ra2 {[%clk 0:24:26]} 54. f3 {[%clk 0:30:17]} Ra4+
{[%clk 0:24:40]} 55. Ke5 {[%clk 0:27:11]} Ra3 {[%clk 0:23:15]} 56. Kd4
{[%clk 0:27:00]} Ra4+ {[%clk 0:23:27]} 57. Kc5 {[%clk 0:27:06]} Ra3
{[%clk 0:23:49]} 58. Kb4 {[%clk 0:26:29]} Rxe3 {[%clk 0:22:08]} 59. Rc6
{[%clk 0:26:03]} Rxf3 {[%clk 0:22:21]} 60. Rc3 {[%clk 0:26:26]} Rf1
{[%clk 0:18:16]} 61. a6 {[%clk 0:26:03]} Re1 {[%clk 0:18:32]} 62. a7
{[%clk 0:26:02]} Re8 {[%clk 0:18:51]} 63. Kb5 {[%clk 0:26:09]} f6
{[%clk 0:13:39]} 64. Rc5 {[%clk 0:25:46]} Kh6 {[%clk 0:10:05]} 65. Kb6
{[%clk 0:26:10]} Ra8 {[%clk 0:10:21]} 66. Kb7 {[%clk 0:26:23]} Rxa7+
{[%clk 0:10:46]} 67. Kxa7 {[%clk 0:26:48]} g5 {[%clk 0:11:13]} 68. hxg5+
{[%clk 0:26:44]} 1-0

[Event "Hoogeveen Open 2016"]
[Site "Hoogeveen"]
[Date "2016.10.18"]
[Round "4.12"]
[White "De Graaf, Dick"]
[Black "Jonkman, Harmen"]
[Result "1-0"]
[BlackElo "2413"]
[WhiteElo "2195"]
[LiveChessVersion "1.4.8"]

1. e4 {[%clk 1:30:07]} e5 {[%clk 1:27:47]} 2. Nf3 {[%clk 1:30:29]} Nc6
{[%clk 1:28:10]} 3. d4 {[%clk 1:30:55]} exd4 {[%clk 1:28:18]} 4. Bc4
{[%clk 1:31:19]} Nf6 {[%clk 1:27:54]} 5. O-O {[%clk 1:29:39]} Nxe4
{[%clk 1:27:50]} 6. Re1 {[%clk 1:27:10]} d5 {[%clk 1:28:06]} 7. Bxd5
{[%clk 1:27:33]} Qxd5 {[%clk 1:28:29]} 8. Nc3 {[%clk 1:27:59]} Qa5
{[%clk 1:27:39]} 9. Nxe4 {[%clk 1:28:16]} Be6 {[%clk 1:28:04]} 10. Bd2
{[%clk 1:27:02]} Bb4 {[%clk 1:22:53]} 11. Bxb4 {[%clk 1:18:19]} Qxb4
{[%clk 1:20:54]} 12. a3 {[%clk 1:14:03]} Qc4 {[%clk 1:12:52]} 13. b3
{[%clk 1:13:37]} Qd5 {[%clk 1:11:39]} 14. c4 {[%clk 1:11:56]} Qd8
{[%clk 0:55:38]} 15. Qd3 {[%clk 1:05:00]} h6 {[%clk 0:46:21]} 16. Rad1
{[%clk 0:46:20]} O-O {[%clk 0:44:03]} 17. Nxd4 {[%clk 0:43:29]} Nxd4
{[%clk 0:43:28]} 18. Qxd4 {[%clk 0:42:11]} Qxd4 {[%clk 0:40:54]} 19. Rxd4
{[%clk 0:42:39]} Rfd8 {[%clk 0:38:14]} 20. Red1 {[%clk 0:26:51]} Rxd4
{[%clk 0:38:23]} 21. Rxd4 {[%clk 0:27:13]} b6 {[%clk 0:38:26]} 22. h3
{[%clk 0:25:09]} Kf8 {[%clk 0:36:02]} 23. Nc3 {[%clk 0:17:05]} Rc8
{[%clk 0:34:04]} 24. Kf1 {[%clk 0:16:56]} c6 {[%clk 0:25:44]} 25. Nd1
{[%clk 0:10:43]} Ke7 {[%clk 0:15:53]} 26. Ne3 {[%clk 0:11:05]} b5
{[%clk 0:09:14]} 27. f4 {[%clk 0:09:44]} bxc4 {[%clk 0:06:36]} 28. bxc4
{[%clk 0:06:26]} Rb8 {[%clk 0:05:15]} 29. Ke2 {[%clk 0:04:10]} g6
{[%clk 0:04:05]} 30. g4 {[%clk 0:03:52]} Rb6 {[%clk 0:03:12]} 31. f5
{[%clk 0:03:12]} gxf5 {[%clk 0:02:33]} 32. gxf5 {[%clk 0:03:35]} Bc8
{[%clk 0:03:00]} 33. Rh4 {[%clk 0:03:40]} Kf6 {[%clk 0:01:56]} 34. Rxh6+
{[%clk 0:02:17]} Ke5 {[%clk 0:02:20]} 35. Rh8 {[%clk 0:01:38]} Rb2+
{[%clk 0:01:21]} 36. Kf3 {[%clk 0:01:36]} Bb7 {[%clk 0:01:37]} 37. c5
{[%clk 0:01:49]} Kd4 {[%clk 0:01:57]} 38. h4 {[%clk 0:01:10]} Kxc5
{[%clk 0:01:59]} 39. h5 {[%clk 0:00:52]} Rh2 {[%clk 0:00:55]} 40. Ng4
{[%clk 0:00:39]} Rh3+ {[%clk 0:00:59]} 41. Kg2 {[%clk 0:29:01]} Rh4
{[%clk 0:27:00]} 42. Kg3 {[%clk 0:28:07]} Rh1 {[%clk 0:27:28]} 43. h6
{[%clk 0:26:04]} Ba6 {[%clk 0:27:33]} 44. h7 {[%clk 0:17:09]} Bd3
{[%clk 0:27:16]} 45. Nf2 {[%clk 0:16:59]} Rg1+ {[%clk 0:26:32]} 46. Kh2
{[%clk 0:17:19]} 1-0

[Event "Hoogeveen Open 2016"]
[Site "Hoogeveen"]
[Date "2016.10.18"]
[Round "4.13"]
[White "Schut, Han"]
[Black "Beerdsen, Thomas"]
[Result "0-1"]
[BlackElo "2404"]
[WhiteElo "2128"]
[LiveChessVersion "1.4.8"]

1. e4 {[%clk 1:29:28]} c5 {[%clk 1:30:55]} 2. Nf3 {[%clk 1:29:50]} d6
{[%clk 1:31:20]} 3. d4 {[%clk 1:30:17]} cxd4 {[%clk 1:31:46]} 4. Nxd4
{[%clk 1:30:43]} Nf6 {[%clk 1:32:12]} 5. Nc3 {[%clk 1:31:09]} a6 {[%clk 1:31:23]}
6. Be2 {[%clk 1:26:38]} g6 {[%clk 1:26:21]} 7. Be3 {[%clk 1:25:37]} Nc6
{[%clk 1:23:50]} 8. f3 {[%clk 1:22:10]} Bg7 {[%clk 1:20:50]} 9. Qd2
{[%clk 1:20:56]} Qc7 {[%clk 1:14:32]} 10. g4 {[%clk 1:04:43]} Nxd4
{[%clk 1:09:23]} 11. Bxd4 {[%clk 1:04:36]} e5 {[%clk 1:09:34]} 12. Be3
{[%clk 1:03:52]} Be6 {[%clk 1:09:47]} 13. O-O-O {[%clk 0:56:25]} O-O-O
{[%clk 1:08:07]} 14. Na4 {[%clk 0:34:54]} Qc6 {[%clk 0:56:15]} 15. Qa5
{[%clk 0:34:57]} d5 {[%clk 0:44:23]} 16. Ba7 {[%clk 0:28:04]} Bh6+
{[%clk 0:33:48]} 17. Kb1 {[%clk 0:27:33]} b5 {[%clk 0:33:50]} 18. Bb6
{[%clk 0:26:31]} Rd6 {[%clk 0:24:18]} 19. Qxa6+ {[%clk 0:20:42]} Qb7
{[%clk 0:23:36]} 20. Bxb5 {[%clk 0:10:43]} Qxa6 {[%clk 0:20:59]} 21. Bxa6+
{[%clk 0:11:09]} Kb8 {[%clk 0:19:47]} 22. Bb5 {[%clk 0:07:00]} Rxb6
{[%clk 0:19:02]} 23. Nxb6 {[%clk 0:07:20]} dxe4 {[%clk 0:19:09]} 24. Bd7
{[%clk 0:02:58]} exf3 {[%clk 0:17:31]} 25. h3 {[%clk 0:01:00]} e4
{[%clk 0:17:11]} 26. Bxe6 {[%clk 0:00:42]} fxe6 {[%clk 0:17:37]} 27. Nc4
{[%clk 0:00:54]} Nd5 {[%clk 0:14:39]} 28. Rde1 {[%clk 0:00:39]} e3
{[%clk 0:14:11]} 29. Rhf1 {[%clk 0:00:34]} f2 {[%clk 0:14:01]} 30. Re2
{[%clk 0:00:55]} Rc8 {[%clk 0:07:58]} 31. Nxe3 {[%clk 0:00:51]} Bxe3
{[%clk 0:08:21]} 32. Rxe3 {[%clk 0:00:39]} Nxe3 {[%clk 0:08:45]} 33. Rxf2
{[%clk 0:01:07]} e5 {[%clk 0:08:23]} 34. Re2 {[%clk 0:00:39]} Rf8
{[%clk 0:08:48]} 35. b3 {[%clk 0:00:32]} Rf3 {[%clk 0:09:09]} 36. h4
{[%clk 0:00:33]} Nxg4 {[%clk 0:09:33]} 0-1